000 00679nam a2200205 a 4500
001 000016249
005 20200929164334.0
008 100302s2004 ve 000 0 spa d
020 _a9800112480
040 _aDO-SdBNP
_bspa
_cBNPHU
082 _axxxx
_bM183n
100 1 _aMadrid, Antonieta,
_d1939-
_936305
245 1 0 _aNo es tiempo de rosas rojas /
_cAntonieta Madrid ; prólogo Luz Marina Rivas.
260 _aCaracas, Venezuela :
_bMonte Ávila,
_c2004.
300 _a224 p. ;
_c21 cm.
490 1 _aBiblioteca básica de autores venezolanos
700 1 _aRivas, Luz Marina,
_epról.
_936306
830 0 _aBiblioteca básica de autores venezolanos
_936304
049 _aBNPD
999 _c15786
_d15786